Every NBA Team - Statistics

General Stats
  • This quiz has been taken 11 times
  • The average score is 24 of 30
Answer Stats
Answer % Correct
Bucks
100%
Magic
100%
Warriors
100%
Cavaliers
86%
Celtics
86%
Clippers
86%
Grizzlies
86%
Heat
86%
Knicks
86%
Mavericks
86%
Nets
86%
Nuggets
86%
Pacers
86%
Pistons
86%
Rockets
86%
Spurs
86%
Suns
86%
Trailblazers
86%
Wizards
86%
Bulls
71%
Hawks
71%
Lakers
71%
Pelicans
71%
Thunder
71%
Timberwolves
71%
76ers
57%
Hornets
57%
Jazz
57%
Kings
57%
Raptors
57%
No matching quizzes found
Score Distribution
Percent of People with Each Score
Percentile by Number Answered
Your Score History
You have not taken this quiz